| 000 | 01429 a2200253 4500 | ||
|---|---|---|---|
| 003 | Nust | ||
| 005 | 20220818153543.0 | ||
| 010 | _a 2002279906 | ||
| 020 | _a0471221899 (alk. paper) | ||
| 040 | _cNust | ||
| 082 | _a621.3825,HAN | ||
| 245 | 0 | 0 | _aHandbook on satellite communications. |
| 250 | _a3rd ed. | ||
| 260 |
_aNew York, NY : _bWiley-Interscience ; _aGeneva : _bInternational Telecommunication Union, _cc2002. |
||
| 300 |
_axxxii, 1076 p. : _bill. ; _c29 cm. |
||
| 505 | _aGeneral (Page-1), Some Basic Technical Issues (Page-41), Base band Signal Processing And Multiplexing (Page-115), Carrier Modulation Techniques (Page-231), Multiple Access, Assignment And Network Architectures (Page-287),Space Segment (Page-349), Earth Segment (Page-471), Interconnection Of Satellite Networks With Terrestrial Networks And User Terminals (Page-699), Frequency Sharing, Interference And Coordination (Page-815). | ||
| 650 | 0 | _aTelecommunication engineering | |
| 710 | 2 |
_aInternational Telecommunication Union. _998080 |
|
| 856 | 4 | 2 |
_3Book review (E-STREAMS) _uhttp://www.e-streams.com/es0805/es0805_2028.htm |
| 856 | 4 | 2 |
_3Contributor biographical information _uhttp://www.loc.gov/catdir/bios/wiley043/2002279906.html |
| 856 | 4 | 2 |
_3Publisher description _uhttp://www.loc.gov/catdir/description/wiley036/2002279906.html |
| 856 | 4 | 2 |
_3Table of contents _uhttp://www.loc.gov/catdir/toc/wiley023/2002279906.html |
| 942 |
_cREF _2ddc |
||
| 999 |
_c178758 _d178758 |
||